[Event "Sunnyvale 1000 GM Thanksgiving GM"]
[Site "Sunnyvale"]
[Date "2023.11.26"]
[Round "8"]
[White "Terao, Rodrigo Akira"]
[Black "Yu, Jiangwei"]
[Result "1/2-1/2"]
[WhiteElo "2386"]
[BlackElo "2366"]
[PlyCount "41"]
[EventDate "2023.11.22"]
[EventType "schev"]
[EventRounds "9"]
[EventCountry "USA"]
[SourceTitle "CB48_2023"]
[SourceDate "2023.11.29"]
[SourceVersion "1"]
[SourceVersionDate "2023.11.29"]
[SourceQuality "1"]

1. c4 e6 2. g3 d5 3. Bg2 Nf6 4. Nf3 dxc4 5. Qa4+ Bd7 6. Qxc4 c5 7. Ne5 Qc8 8. 0-0 Nc6 9. Nxd7 Qxd7 10. Nc3 Be7 11. b3 Rc8 12. Ne4 Nd4 13. Bb2 0-0 14. Bxd4 cxd4 15. Nxf6+ Bxf6 16. Qd3 Rc7 17. Rfc1 Rfc8 18. Rc4 b5 19. Rxc7 Rxc7 20. a4 bxa4 21. bxa4 1/2-1/2

[Event "Sunnyvale 1000 GM Thanksgiving GM"]
[Site "Sunnyvale"]
[Date "2023.11.23"]
[Round "2"]
[White "Guo, Andrew"]
[Black "Terao, Rodrigo Akira"]
[Result "1/2-1/2"]
[WhiteElo "2268"]
[BlackElo "2386"]
[PlyCount "38"]
[EventDate "2023.11.22"]
[EventType "schev"]
[EventRounds "9"]
[EventCountry "USA"]
[SourceTitle "CB48_2023"]
[SourceDate "2023.11.29"]
[SourceVersion "1"]
[SourceVersionDate "2023.11.29"]
[SourceQuality "1"]

1. d4 d5 2. c4 dxc4 3. Nf3 Nf6 4. e3 e6 5. Bxc4 c5 6. 0-0 a6 7. b3 Nc6 8. dxc5 Bxc5 9. Qxd8+ Kxd8 10. Bb2 Ke7 11. Nbd2 b6 12. Ng5 Na5 13. Be2 Bb7 14. a3 Rhd8 15. Rad1 Bd6 16. b4 Nc6 17. Nc4 Bc7 18. Bf3 b5 19. Nd2 h6 1/2-1/2

[Event "Titled Tuesday intern op 30th Mar"]
[Site "Chess.com INT"]
[Date "2021.03.30"]
[Round "9"]
[White "Ohanyan, Emin"]
[Black "Terao, Rodrigo Akira"]
[Result "0-1"]
[WhiteElo "2351"]
[BlackElo "2386"]
[PlyCount "80"]
[EventDate "2021.03.30"]
[EventType "swiss (blitz)"]
[EventRounds "11"]
[EventCountry "USA"]
[SourceTitle "CBM 201 Extra"]
[Source "ChessBase"]
[SourceDate "2021.05.31"]
[SourceVersion "1"]
[SourceVersionDate "2021.05.31"]
[SourceQuality "1"]

1. e4 c5 2. Nf3 Nc6 3. Nc3 g6 4. d4 cxd4 5. Nxd4 Bg7 6. Be3 Nf6 7. Nxc6 bxc6 8. e5 Ng8 9. Bd4 f6 10. f4 Qc7 11. Bc4 fxe5 12. fxe5 Bxe5 13. 0-0 Nf6 14. Kh1 d5 15. Bxe5 Qxe5 16. Re1 Qd6 17. Qd4 0-0 18. Bb3 Be6 19. Qe5 Kf7 20. Qg5 Ng4 21. g3 Nf2+ 22. Kg2 Kg7 23. Re2 Rf5 24. Qe3 Ne4 25. Nxe4 dxe4 26. Qxe4 Bxb3 27. axb3 e5 28. Ra6 Raf8 29. Rxa7+ Kh8 30. Ra1 Qc5 31. Kh1 h5 32. Rg1 Kh7 33. Qg2 Rf2 34. Qe4 Rxe2 35. Qxe2 Rf2 36. Qd3 Rxc2 37. Qd7+ Kh6 38. Qd8 Qd5+ 39. Qxd5 cxd5 40. Rc1 Rxc1+ 0-1

[Event "Titled Tuesday intern op 03rd Nov"]
[Site "Chess.com INT"]
[Date "2020.11.03"]
[Round "2"]
[White "Marcinczyk, Monika"]
[Black "Terao, Rodrigo Akira"]
[Result "1-0"]
[WhiteElo "2030"]
[BlackElo "2386"]
[PlyCount "105"]
[EventDate "2020.11.03"]
[EventType "swiss (blitz)"]
[EventRounds "11"]
[EventCountry "USA"]
[SourceTitle "CBM 199 Extra"]
[Source "ChessBase"]
[SourceDate "2021.01.31"]
[SourceVersion "1"]
[SourceVersionDate "2021.01.31"]
[SourceQuality "1"]

1. e4 c5 2. Nf3 Nc6 3. d4 cxd4 4. Nxd4 g6 5. c4 Nf6 6. Nc3 d6 7. Be2 Nxd4 8. Qxd4 Bg7 9. Be3 0-0 10. Qd2 a5 11. 0-0 a4 12. f3 Qa5 13. Rfd1 Be6 14. Nd5 Nxd5 15. cxd5 Bd7 16. Rac1 Qxd2 17. Rxd2 Rfc8 18. Rdc2 Rxc2 19. Rxc2 Rc8 20. Rxc8+ Bxc8 21. b3 a3 22. Kf2 Bb2 23. Ke1 e6 24. Kd2 Kf8 25. dxe6 Bxe6 26. Kc2 d5 27. exd5 Bxd5 28. Bc1 Bxc1 29. Kxc1 Ke7 30. Kc2 Kd6 31. Kc3 Ke5 32. Kb4 Kf4 33. Kxa3 Ke3 34. Bc4 Bxc4 35. bxc4 Kf2 36. Kb4 Kxg2 37. a4 Kxf3 38. c5 g5 39. c6 bxc6 40. a5 g4 41. a6 h5 42. a7 h4 43. a8Q g3 44. Qxc6+ Kf2 45. hxg3 hxg3 46. Qf6+ Kg1 47. Qxf7 g2 48. Kc3 Kh2 49. Qh5+ Kg1 50. Kd2 Kf1 51. Qh3 Kf2 52. Qe3+ Kf1 53. Qe1# 1-0

[Event "Titled Tuesday intern op 25th Aug"]
[Site "Chess.com INT"]
[Date "2020.08.25"]
[Round "4"]
[White "Terao, Rodrigo Akira"]
[Black "Djukic, Nikola"]
[Result "0-1"]
[WhiteElo "2386"]
[BlackElo "2525"]
[PlyCount "82"]
[EventDate "2020.08.25"]
[EventType "swiss (blitz)"]
[EventRounds "10"]
[EventCountry "USA"]
[SourceTitle "CBM 198 Extra"]
[Source "ChessBase"]
[SourceDate "2020.11.30"]
[SourceVersion "1"]
[SourceVersionDate "2020.11.30"]
[SourceQuality "1"]

1. e4 c5 2. Nf3 Nc6 3. d4 cxd4 4. Nxd4 Qc7 5. Nc3 e6 6. g3 a6 7. Bg2 Nf6 8. 0-0 h5 9. h3 Bc5 10. Be3 Ne5 11. Kh1 d6 12. f4 Nc4 13. Bc1 Bd7 14. b3 Nb6 15. Bb2 Rc8 16. Qd3 e5 17. fxe5 dxe5 18. Nf5 Bxf5 19. Rxf5 Ng4 20. Nd1 g6 21. Rf1 Nh6 22. Qd2 Rd8 23. Qg5 Bd4 24. c3 Bc5 25. Nf2 Qe7 26. Qc1 f6 27. Qc2 0-0 28. Nd3 Ba3 29. Rad1 Bxb2 30. Nxb2 Nf7 31. b4 Ng5 32. a3 Ne6 33. Qf2 Nd7 34. Rd5 Nc7 35. Rd3 Kg7 36. Nc4 Nb8 37. Rxd8 Rxd8 38. Ne3 Nd7 39. c4 Nf8 40. Nd5 Nxd5 41. c5 Nc3 0-1

[Event "Titled Tuesday intern op 25th Aug"]
[Site "Chess.com INT"]
[Date "2020.08.25"]
[Round "1"]
[White "Terao, Rodrigo Akira"]
[Black "Nguyen, Quoc Hy"]
[Result "0-1"]
[WhiteElo "2386"]
[BlackElo "2242"]
[PlyCount "96"]
[EventDate "2020.08.25"]
[EventType "swiss (blitz)"]
[EventRounds "10"]
[EventCountry "USA"]
[SourceTitle "CBM 198 Extra"]
[Source "ChessBase"]
[SourceDate "2020.11.30"]
[SourceVersion "1"]
[SourceVersionDate "2020.11.30"]
[SourceQuality "1"]

1. c4 e6 2. g3 d5 3. Bg2 Nf6 4. Nf3 c6 5. b3 Be7 6. 0-0 0-0 7. Bb2 b6 8. d3 Bb7 9. Nbd2 Nbd7 10. e4 dxe4 11. dxe4 Nc5 12. e5 Nfd7 13. Qe2 a5 14. Rfd1 Qc7 15. Ne4 Nxe4 16. Qxe4 c5 17. Qg4 Rad8 18. Re1 Rfe8 19. h4 Nf8 20. h5 Rd3 21. h6 Ng6 22. hxg7 Red8 23. Nh2 Bxg2 24. Kxg2 Rd2 25. Bc3 Rc2 26. Re3 Qc6+ 27. Kg1 a4 28. bxa4 Qxa4 29. Qe4 Rxa2 30. Rxa2 Qxa2 31. Ng4 Qa8 32. Qc2 Kxg7 33. Nf6 Bxf6 34. exf6+ Kg8 35. Rd3 e5 36. Rxd8+ Qxd8 37. Qf5 Qe8 38. Bd2 Qe6 39. Qg5 h6 40. Qxh6 Qxf6 41. Be3 Qg7 42. Qh5 Qf6 43. Qg4 Qe6 44. Qe4 Ne7 45. Qa8+ Kg7 46. Qb7 Nf5 47. Bd2 Nd4 48. Be3 Nf5 0-1

[Event "Titled Tuesday intern op 11th Aug"]
[Site "Chess.com INT"]
[Date "2020.08.11"]
[Round "2"]
[White "Terao, Rodrigo Akira"]
[Black "Nguyen, Quoc Hy"]
[Result "0-1"]
[WhiteElo "2386"]
[BlackElo "2242"]
[PlyCount "66"]
[EventDate "2020.08.11"]
[EventType "swiss (blitz)"]
[EventRounds "10"]
[EventCountry "USA"]
[SourceTitle "CBM 197 Extra"]
[Source "ChessBase"]
[SourceDate "2020.09.30"]
[SourceVersion "1"]
[SourceVersionDate "2020.09.30"]
[SourceQuality "1"]

1. e4 e5 2. Nf3 Nc6 3. d4 exd4 4. Nxd4 Bc5 5. Nb3 Bb6 6. Nc3 d6 7. Qe2 Nf6 8. Bg5 0-0 9. 0-0-0 a5 10. Bxf6 Qxf6 11. Nd5 Qh6+ 12. Kb1 a4 13. Nxb6 cxb6 14. Nd4 a3 15. b3 Qf6 16. c3 Re8 17. Nb5 d5 18. Nc7 Rxe4 19. Nxd5 Qe5 20. Qc2 Bf5 21. Bd3 Qxd5 22. Bxe4 Qxe4 23. Qxe4 Bxe4+ 24. Kc1 Bxg2 25. Rhg1 Bh3 26. Rd6 g6 27. Kd2 Be6 28. c4 Ra5 29. Kc3 Rf5 30. Rd2 Rf3+ 31. Kc2 Nb4+ 32. Kd1 Bf5 33. Kc1 Nd3+ 0-1

[Event "Titled Tuesday intern op 3rd March"]
[Site "Chess.com INT"]
[Date "2020.03.03"]
[Round "9"]
[White "Abdusattorova, Bakhora"]
[Black "Terao, Rodrigo Akira"]
[Result "1-0"]
[WhiteElo "2094"]
[BlackElo "2386"]
[PlyCount "71"]
[EventDate "2020.03.03"]
[EventType "swiss (blitz)"]
[EventRounds "10"]
[EventCountry "USA"]
[SourceTitle "EXT 2021"]
[Source "ChessBase"]
[SourceDate "2020.10.23"]
[SourceVersion "1"]
[SourceVersionDate "2020.10.23"]
[SourceQuality "1"]

1. d4 c6 2. c4 d5 3. cxd5 cxd5 4. Nc3 Nc6 5. Bf4 a6 6. e3 Nf6 7. Rc1 g6 8. Bd3 Bg7 9. Nf3 0-0 10. 0-0 Bd7 11. a3 Rc8 12. Na4 Ne4 13. Nc5 Nxc5 14. Rxc5 e6 15. Qe2 Na7 16. Rfc1 Rxc5 17. Rxc5 Bb5 18. Bc7 Qa8 19. Bb6 Nc8 20. Bc7 Bxd3 21. Qxd3 Re8 22. Bg3 Ne7 23. Ne5 Rc8 24. Qc2 Rxc5 25. Qxc5 Qc8 26. h4 Qxc5 27. dxc5 Nc6 28. Nd3 e5 29. b4 e4 30. Ne1 d4 31. exd4 Nxd4 32. Kf1 f5 33. Bd6 Kf7 34. a4 Ke6 35. g3 Kd5 36. Ng2 1-0

[Event "Titled Tuesday intern op1 3rd March  "]
[Site "Chess.com INT"]
[Date "2020.03.03"]
[Round "2"]
[White "Ardila, Oscar Humberto"]
[Black "Terao, Rodrigo Akira"]
[Result "1-0"]
[WhiteElo "2017"]
[BlackElo "2386"]
[PlyCount "81"]
[EventDate "2020.03.03"]
[EventType "swiss (blitz)"]
[EventRounds "10"]
[EventCountry "USA"]
[SourceTitle "EXT 2021"]
[Source "ChessBase"]
[SourceDate "2020.10.23"]
[SourceVersion "1"]
[SourceVersionDate "2020.10.23"]
[SourceQuality "1"]

1. d4 Nf6 2. Nf3 e6 3. Bg5 d5 4. c4 h6 5. Bh4 Be7 6. Nc3 Ne4 7. Bxe7 Qxe7 8. Nxe4 dxe4 9. Nd2 f5 10. e3 0-0 11. g3 c5 12. Nb3 Nd7 13. Bg2 b6 14. 0-0 Bb7 15. Qd2 Rac8 16. Rac1 Rfd8 17. Rfd1 cxd4 18. exd4 Nf6 19. Qf4 g5 20. Qe5 Ng4 21. Qb5 Bc6 22. Qa6 Qc7 23. d5 Bb7 24. Qb5 a6 25. Qb4 Ne5 26. d6 Qc6 27. Nd4 Qd7 28. Qxb6 Rb8 29. c5 Bd5 30. Qc7 Rxb2 31. Nxf5 exf5 32. Rxd5 Nd3 33. Qxd7 Rxd7 34. Rf1 Rc2 35. Rxf5 Rxc5 36. Bxe4 Ne5 37. f4 gxf4 38. gxf4 Rxd6 39. fxe5 Rd2 40. Rf8+ Kg7 41. R1f7# 1-0

[Event "Titled Tuesday intern op 3rd March"]
[Site "Chess.com INT"]
[Date "2020.03.03"]
[Round "7"]
[White "Burmakin, Vladimir"]
[Black "Terao, Rodrigo Akira"]
[Result "1-0"]
[WhiteElo "2514"]
[BlackElo "2386"]
[PlyCount "71"]
[EventDate "2020.03.03"]
[EventType "swiss (blitz)"]
[EventRounds "10"]
[EventCountry "USA"]
[SourceTitle "EXT 2021"]
[Source "ChessBase"]
[SourceDate "2020.10.23"]
[SourceVersion "1"]
[SourceVersionDate "2020.10.23"]
[SourceQuality "1"]

1. c4 Nf6 2. g3 e6 3. Bg2 d5 4. Nf3 Be7 5. 0-0 0-0 6. d4 dxc4 7. Qc2 a6 8. a4 Bd7 9. Nbd2 Bc6 10. Nxc4 Be4 11. Qd1 Nbd7 12. Ncd2 Bd5 13. Qc2 c5 14. e4 Bc6 15. Ne5 Nxe5 16. dxe5 Nd7 17. f4 b5 18. b3 Qb6 19. Kh1 Rac8 20. Bb2 Rfd8 21. Bc3 c4 22. axb5 cxb3 23. Qxb3 Bxb5 24. Ba5 Qd4 25. Nf3 Qxe4 26. Rfe1 Nc5 27. Qb2 Qg6 28. Bxd8 Nd3 29. Qd2 Rxd8 30. Red1 Bc5 31. Qc2 Bb6 32. Rd2 h6 33. Nh4 Qh5 34. Be4 Nb4 35. Rxd8+ Bxd8 36. Qc8 1-0

[Event "Titled Tuesday intern op 3rd March"]
[Site "Chess.com INT"]
[Date "2020.03.03"]
[Round "4"]
[White "Khegay, Dmitriy"]
[Black "Terao, Rodrigo Akira"]
[Result "1-0"]
[WhiteElo "2528"]
[BlackElo "2386"]
[PlyCount "67"]
[EventDate "2020.03.03"]
[EventType "swiss (blitz)"]
[EventRounds "10"]
[EventCountry "USA"]
[SourceTitle "EXT 2021"]
[Source "ChessBase"]
[SourceDate "2020.10.23"]
[SourceVersion "1"]
[SourceVersionDate "2020.10.23"]
[SourceQuality "1"]

1. d4 Nf6 2. Bf4 e6 3. e3 b6 4. Nd2 Bb7 5. Ngf3 g6 6. Bd3 Bg7 7. 0-0 0-0 8. e4 d6 9. c3 h6 10. h3 Nbd7 11. Bh2 Re8 12. Qe2 e5 13. d5 Nh5 14. Ba6 Bxa6 15. Qxa6 Nc5 16. Qe2 a5 17. b4 axb4 18. cxb4 Nd7 19. a4 Nf4 20. Qc4 Kh7 21. a5 bxa5 22. bxa5 Nc5 23. Ra2 c6 24. dxc6 Qc7 25. Bxf4 exf4 26. Qd5 Ra6 27. h4 Rxc6 28. h5 Be5 29. Nc4 Re7 30. Ncxe5 dxe5 31. Rc1 Rd6 32. Qc4 Rc6 33. Qb5 Ree6 34. Rac2 1-0

[Event "Titled Tuesday intern op 3rd March"]
[Site "Chess.com INT"]
[Date "2020.03.03"]
[Round "5"]
[White "Terao, Rodrigo Akira"]
[Black "Shirazi, Kamran"]
[Result "1-0"]
[WhiteElo "2386"]
[BlackElo "2349"]
[PlyCount "67"]
[EventDate "2020.03.03"]
[EventType "swiss (blitz)"]
[EventRounds "10"]
[EventCountry "USA"]
[SourceTitle "EXT 2021"]
[Source "ChessBase"]
[SourceDate "2020.10.23"]
[SourceVersion "1"]
[SourceVersionDate "2020.10.23"]
[SourceQuality "1"]

1. e4 b6 2. d4 Bb7 3. Nc3 e6 4. a3 Nf6 5. Bd3 d5 6. exd5 Nxd5 7. Nxd5 Qxd5 8. Nf3 Bd6 9. 0-0 Qh5 10. h3 Bxf3 11. Qxf3 Qxf3 12. gxf3 c5 13. Be4 cxd4 14. Bxa8 Ke7 15. Be4 f5 16. Bd3 Nd7 17. f4 Kf6 18. Re1 h6 19. Bd2 g5 20. Bc4 Re8 21. Bb5 Re7 22. Bxd7 Rxd7 23. fxg5+ hxg5 24. c3 Bc5 25. cxd4 Bxd4 26. Bc3 Bxc3 27. bxc3 Rd3 28. Rad1 Rxc3 29. Rd6 Rxh3 30. Rdxe6+ Kf7 31. Re7+ Kf8 32. Rxa7 Rb3 33. Rc1 Re3 34. fxe3 1-0

[Event "Titled Tuesday intern op 7th Januar"]
[Site "Chess.com INT"]
[Date "2020.01.07"]
[Round "3"]
[White "Roberson, Peter T"]
[Black "Terao, Rodrigo Akira"]
[Result "1-0"]
[WhiteElo "2435"]
[BlackElo "2386"]
[PlyCount "77"]
[EventDate "2020.01.07"]
[EventType "swiss (blitz)"]
[EventRounds "10"]
[EventCountry "USA"]
[SourceTitle "EXT 2021"]
[Source "ChessBase"]
[SourceDate "2020.10.23"]
[SourceVersion "1"]
[SourceVersionDate "2020.10.23"]
[SourceQuality "1"]

1. e4 c5 2. d3 Nc6 3. f4 g6 4. Nf3 Bg7 5. g3 d5 6. Nbd2 e6 7. Bg2 Nge7 8. 0-0 0-0 9. c3 b6 10. Qe2 Ba6 11. e5 Qc7 12. Re1 b5 13. a3 Bb7 14. b4 d4 15. bxc5 dxc3 16. Ne4 Nd5 17. Nd6 b4 18. axb4 Ncxb4 19. d4 a5 20. Nxb7 Qxb7 21. Ba3 Rfb8 22. Rec1 h6 23. Ne1 Qd7 24. Nc2 Ra7 25. Ne3 Rd8 26. Nc4 Qb5 27. Bf1 Nxf4 28. gxf4 Rxd4 29. Rxc3 Qxc5 30. Qf2 Bf8 31. Rac1 Rad7 32. Nd6 Qa7 33. Rc8 Kg7 34. Bb2 Rd2 35. Ne8+ Kh7 36. Nf6+ Kg7 37. Qxa7 Rxa7 38. Bc3 Rd5 39. Ne8+ 1-0

[Event "Titled Tuesday intern op 7th Januar"]
[Site "Chess.com INT"]
[Date "2020.01.07"]
[Round "7"]
[White "Terao, Rodrigo Akira"]
[Black "Djordjevic, Vuk D"]
[Result "1/2-1/2"]
[WhiteElo "2386"]
[BlackElo "2347"]
[PlyCount "186"]
[EventDate "2020.01.07"]
[EventType "swiss (blitz)"]
[EventRounds "10"]
[EventCountry "USA"]
[SourceTitle "EXT 2021"]
[Source "ChessBase"]
[SourceDate "2020.10.23"]
[SourceVersion "1"]
[SourceVersionDate "2020.10.23"]
[SourceQuality "1"]

1. d4 Nf6 2. Bg5 d5 3. Bxf6 exf6 4. e3 Bd6 5. c4 dxc4 6. Bxc4 0-0 7. Nf3 c6 8. Nc3 Nd7 9. 0-0 Qe7 10. h3 f5 11. Re1 Nf6 12. Bd3 g6 13. Qc2 Re8 14. e4 fxe4 15. Nxe4 Be6 16. Neg5 Qd7 17. Nxe6 Rxe6 18. Rxe6 Qxe6 19. Bc4 Qe4 20. Qb3 Qe7 21. Re1 Qc7 22. Ne5 Rf8 23. Qf3 Kg7 24. Re2 c5 25. Ng4 Nxg4 26. Qxg4 a6 27. dxc5 Qxc5 28. Rc2 Qe5 29. g3 b5 30. Bf1 Qd5 31. b3 Re8 32. Re2 Rxe2 33. Qxe2 Bc5 34. Bg2 Qd6 35. Kh2 h5 36. h4 Qf6 37. f4 Qa1 38. Qc2 Qg1+ 39. Kh3 Bd4 40. Qe4 Qf2 41. a4 b4 42. Qf3 Qb2 43. Qd3 a5 44. Bd5 Bg1 45. Bg2 Bf2 46. Qf3 Bd4 47. Qd5 Bf2 48. Qf3 Qd2 49. Qd5 Qe3 50. Qf3 Qe6+ 51. Kh2 Bb6 52. Qc6 Qe3 53. Qf3 Qg1+ 54. Kh3 Qc1 55. f5 Qc8 56. Kh2 Qc3 57. fxg6 fxg6 58. Qb7+ Bc7 59. Qf3 Qd4 60. Kh3 Qd7+ 61. Kh2 Qe7 62. Qe4 Qf6 63. Kh3 Qc3 64. Qf3 Qe5 65. Kh2 g5 66. hxg5 Qxg5 67. Kh3 Bd6 68. Qd3 Qg4+ 69. Kh2 Qh4+ 70. Kg1 Bc5+ 71. Kf1 Qf6+ 72. Qf3 Qa1+ 73. Ke2 Qb2+ 74. Kf1 Qc1+ 75. Ke2 Qc2+ 76. Ke1 Qc1+ 77. Ke2 Qb2+ 78. Ke1 Qe5+ 79. Kf1 Bd4 80. Qb7+ Kf8 81. Qa8+ Ke7 82. Qb7+ Kf8 83. Qa8+ Ke7 84. Qb7+ Kf6 85. Qc6+ Kg5 86. Qd5 Kg4 87. Qf3+ Kg5 88. Qd5 Qxd5 89. Bxd5 Kg4 90. Kg2 h4 91. Bf3+ Kg5 92. gxh4+ Kxh4 93. Bd5 Kg5 1/2-1/2

[Event "Titled Tuesday intern op 7th Januar"]
[Site "Chess.com INT"]
[Date "2020.01.07"]
[Round "4"]
[White "Terao, Rodrigo Akira"]
[Black "Kharmunova, Nadezhda"]
[Result "1-0"]
[WhiteElo "2386"]
[BlackElo "2044"]
[PlyCount "79"]
[EventDate "2020.01.07"]
[EventType "swiss (blitz)"]
[EventRounds "10"]
[EventCountry "USA"]
[SourceTitle "EXT 2021"]
[Source "ChessBase"]
[SourceDate "2020.10.23"]
[SourceVersion "1"]
[SourceVersionDate "2020.10.23"]
[SourceQuality "1"]

1. d4 Nf6 2. c4 c5 3. e3 cxd4 4. exd4 e6 5. Nf3 d5 6. Nc3 Nc6 7. Bd3 Be7 8. cxd5 exd5 9. 0-0 Bg4 10. Be3 0-0 11. h3 Bh5 12. Be2 Ne4 13. Rc1 Rc8 14. Qb3 Na5 15. Qa4 b6 16. g4 Bg6 17. Ne5 Nxc3 18. Rxc3 Rxc3 19. bxc3 Be4 20. f3 Bg6 21. Nxg6 hxg6 22. f4 Bd6 23. Rf3 Qc7 24. Bd2 Rc8 25. Ba6 Rd8 26. Kg2 Qe7 27. Re3 Qf6 28. Re8+ Rxe8 29. Qxe8+ Kh7 30. Qe3 Nc6 31. Qf3 Ne7 32. Bd3 Qe6 33. f5 gxf5 34. gxf5 Qf6 35. Qh5+ Kg8 36. Bg5 g6 37. Qh4 Qg7 38. f6 Qf8 39. fxe7 Qc8 40. Bf6 1-0

[Event "Florianopolis op 4th"]
[Site "Florianopolis"]
[Date "2018.01.25"]
[Round "10"]
[White "Terao, Rodrigo Akira"]
[Black "Fier, Alexandr"]
[Result "0-1"]
[WhiteElo "2384"]
[BlackElo "2557"]
[PlyCount "58"]
[EventDate "2018.01.19"]
[EventType "swiss"]
[EventRounds "10"]
[EventCountry "BRA"]
[SourceTitle "CBM 182 Extra"]
[Source "ChessBase"]
[SourceDate "2018.02.23"]
[SourceVersion "1"]
[SourceVersionDate "2018.02.23"]
[SourceQuality "1"]

1. c4 g6 2. Nf3 Bg7 3. Nc3 c5 4. g3 Nc6 5. Bg2 d6 6. 0-0 e6 7. e3 Nge7 8. d4 0-0 9. d5 exd5 10. Nxd5 Nxd5 11. cxd5 Na5 12. Qc2 Re8 13. Bd2 Bf5 14. Qa4 b6 15. Bc3 Bxc3 16. bxc3 Bd3 17. Rfc1 b5 18. Qf4 Kg7 19. Ng5 Qe7 20. Rd1 Bc2 21. Rdc1 Bd3 22. Rd1 Bc4 23. h4 h6 24. Ne4 Rad8 25. a4 Bb3 26. axb5 Bxd1 27. Rxa5 Be2 28. Ra6 Bxb5 29. Rxd6 g5 0-1

[Event "Florianopolis op 4th"]
[Site "Florianopolis"]
[Date "2018.01.22"]
[Round "6"]
[White "Terao, Rodrigo Akira"]
[Black "Barbosa, Evandro Amorim"]
[Result "0-1"]
[WhiteElo "2384"]
[BlackElo "2518"]
[PlyCount "82"]
[EventDate "2018.01.19"]
[EventType "swiss"]
[EventRounds "10"]
[EventCountry "BRA"]
[SourceTitle "CBM 182 Extra"]
[Source "ChessBase"]
[SourceDate "2018.02.23"]
[SourceVersion "1"]
[SourceVersionDate "2018.02.23"]
[SourceQuality "1"]

1. c4 c5 2. Nf3 Nc6 3. Nc3 e5 4. e3 Nf6 5. Be2 d5 6. cxd5 Nxd5 7. d3 Be7 8. 0-0 0-0 9. a3 Be6 10. Qc2 Rc8 11. Nxd5 Qxd5 12. Bd2 Rfd8 13. Rac1 b5 14. Qb1 a5 15. Rfd1 a4 16. Be1 Rb8 17. Nd2 Na5 18. Rc2 Qa8 19. Nf3 Nc6 20. Rcc1 Qa7 21. Bc3 Bf6 22. Be1 Rdc8 23. Nd2 Be7 24. Nf3 Bb3 25. Rd2 b4 26. axb4 cxb4 27. d4 exd4 28. exd4 Bd5 29. Qf5 Rd8 30. Bc4 Bxc4 31. Rxc4 Na5 32. Ne5 Bf6 33. Rc5 Bxe5 34. Rxe5 Nc4 35. Rde2 Nxe5 36. dxe5 a3 37. bxa3 bxa3 38. e6 Re8 39. h4 fxe6 40. Qe5 a2 41. Bc3 Rb1+ 0-1

[Event "Florianopolis op 4th"]
[Site "Florianopolis"]
[Date "2018.01.20"]
[Round "2"]
[White "Terao, Rodrigo Akira"]
[Black "Soares, Joao Carlos TC"]
[Result "1-0"]
[WhiteElo "2384"]
[BlackElo "2026"]
[PlyCount "71"]
[EventDate "2018.01.19"]
[EventType "swiss"]
[EventRounds "10"]
[EventCountry "BRA"]
[SourceTitle "CBM 182 Extra"]
[Source "ChessBase"]
[SourceDate "2018.02.23"]
[SourceVersion "1"]
[SourceVersionDate "2018.02.23"]
[SourceQuality "1"]

1. c4 f5 2. Nf3 Nf6 3. g3 g6 4. Bg2 Bg7 5. 0-0 0-0 6. Nc3 d6 7. d3 e5 8. Bg5 h6 9. Bxf6 Bxf6 10. Rb1 a5 11. a3 Bg7 12. Qc2 Nc6 13. b4 axb4 14. axb4 Nd4 15. Nxd4 exd4 16. Na2 Re8 17. b5 f4 18. Nb4 Bg4 19. Rfe1 Qc8 20. Nd5 fxg3 21. hxg3 b6 22. Qd2 g5 23. Be4 Bf5 24. Bf3 Bg6 25. Ra1 Rxa1 26. Rxa1 Qh3 27. Nxc7 Re3 28. Ra8+ Kh7 29. Bg2 Rxg3 30. fxg3 Qxg3 31. Kf1 Be5 32. Nd5 Qh2 33. Qa2 Bg3 34. Qa1 Bh5 35. Qa7+ Kg6 36. Be4# 1-0

[Event "Sao Paulo Interclubs Paulista"]
[Site "Sao Paulo"]
[Date "2017.03.05"]
[Round "4.2"]
[White "Cirilo, Guilherme de Araujo"]
[Black "Terao, Rodrigo Akira"]
[Result "0-1"]
[WhiteElo "2067"]
[BlackElo "2339"]
[PlyCount "108"]
[EventDate "2017.03.04"]
[EventType "team-tourn"]
[EventRounds "7"]
[EventCountry "BRA"]
[SourceTitle "CBM 177 Extra"]
[Source "ChessBase"]
[SourceDate "2017.04.27"]
[SourceVersion "1"]
[SourceVersionDate "2017.04.27"]
[SourceQuality "1"]
[WhiteTeam "Hebraica"]
[BlackTeam "Pinheiros"]
[WhiteTeamCountry "BRA"]
[BlackTeamCountry "BRA"]

1. d4 Nf6 2. c4 e6 3. Nf3 d5 4. cxd5 exd5 5. Nc3 c6 6. Qc2 Bd6 7. Bg5 0-0 8. e3 Re8 9. Bd3 h6 10. Bh4 Nbd7 11. 0-0 Nf8 12. Bg3 Bxg3 13. hxg3 Qd6 14. Rab1 a5 15. a3 N8d7 16. b4 axb4 17. axb4 b5 18. Bxb5 cxb5 19. Nxb5 Qb8 20. Nc7 Ba6 21. Nxe8 Nxe8 22. Rfc1 Bc4 23. Nd2 Ra2 24. Rb2 Rxb2 25. Qxb2 Nd6 26. e4 Qb5 27. e5 Ne8 28. Nxc4 dxc4 29. Qa3 Nc7 30. Qa5 Nb6 31. Qxb5 Nxb5 32. d5 c3 33. d6 Kf8 34. Kf1 Ke8 35. Ke2 Nd5 36. Kd3 Nxb4+ 37. Kc4 Na2 38. Ra1 c2 39. Kxb5 Kd7 40. Kc4 c1Q+ 41. Rxc1 Nxc1 42. Kd5 Nd3 43. f4 g6 44. Ke4 Nc5+ 45. Kd5 Ne6 46. Ke4 f5+ 47. exf6 Kxd6 48. g4 Nc5+ 49. Kd4 Nd7 50. g5 hxg5 51. fxg5 Ke6 52. Ke4 Ne5 53. Kf4 Nf7 54. Kg4 Ke5 0-1

[Event "Cuiaba op"]
[Site "Cuiaba"]
[Date "2013.05.29"]
[Round "5"]
[White "Pirola, Claudionor Alcides"]
[Black "Terao, Rodrigo Akira"]
[Result "0-1"]
[WhiteElo "2093"]
[BlackElo "2401"]
[PlyCount "58"]
[EventDate "2013.05.27"]
[EventType "swiss"]
[EventRounds "7"]
[EventCountry "BRA"]
[SourceTitle "CBM 154 Extra"]
[Source "ChessBase"]
[SourceDate "2013.06.25"]
[SourceVersion "2"]
[SourceVersionDate "2013.06.25"]
[SourceQuality "1"]

1. e4 c5 2. Nf3 e6 3. d4 cxd4 4. Nxd4 a6 5. Bd3 Nf6 6. Qe2 d6 7. 0-0 Qc7 8. c4 g6 9. Nc3 Bg7 10. Be3 0-0 11. Rac1 Nbd7 12. Rfd1 b6 13. f3 Bb7 14. Qf2 Rac8 15. Bf1 Ne5 16. Na4 Nfd7 17. b4 Bf6 18. Nb3 Bd8 19. a3 Bc6 20. Nb2 Qb8 21. h3 Nf6 22. Qd2 Bc7 23. Nd4 Bb7 24. Qf2 Rfe8 25. Na4 Ned7 26. Rc2 Nh5 27. Nb3 d5 28. Nxb6 Nxb6 29. Bxb6 Bh2+ 0-1

[Event "Cuiaba op"]
[Site "Cuiaba"]
[Date "2013.05.29"]
[Round "6"]
[White "Terao, Rodrigo Akira"]
[Black "Martins, Vinicius Tine"]
[Result "0-1"]
[WhiteElo "2401"]
[BlackElo "2377"]
[PlyCount "53"]
[EventDate "2013.05.27"]
[EventType "swiss"]
[EventRounds "7"]
[EventCountry "BRA"]
[SourceTitle "CBM 154 Extra"]
[Source "ChessBase"]
[SourceDate "2013.06.25"]
[SourceVersion "2"]
[SourceVersionDate "2013.06.25"]
[SourceQuality "1"]

1. e4 c5 2. Nf3 d6 3. d4 cxd4 4. Nxd4 Nf6 5. Nc3 g6 6. Be3 Bg7 7. f3 Nc6 8. Qd2 0-0 9. g4 Be6 10. Nxe6 fxe6 11. 0-0-0 Ne5 12. Be2 Rc8 13. Nb5 Nc4 14. Bxc4 Rxc4 15. b3 Rc8 16. Nxa7 Ra8 17. a4 Nd7 18. Nb5 Ne5 19. Nd4 Nxf3 20. Nxf3 Rxf3 21. Qe2 Rxe3 22. Qxe3 Qa5 23. Rd3 b5 24. h4 bxa4 25. bxa4 Qxa4 26. Rb3 Qa1+ 27. Rb1 0-1